Corrosion engineering (Record no. 1267)

000 -LEADER
fixed length control field 00569nam a22002177a 4500
001 - CONTROL NUMBER
control field 1267
003 - CONTROL NUMBER IDENTIFIER
control field BD-DhUET
008 - FIXED-LENGTH DATA ELEMENTS--GENERAL INFORMATION
fixed length control field 140902b xxu||||| |||| 00| 0 eng d
020 ## - INTERNATIONAL STANDARD BOOK NUMBER
International Standard Book Number 9789848725085
040 ## - CATALOGING SOURCE
Transcribing agency 0
Modifying agency BD-DhUET
082 ## - DEWEY DECIMAL CLASSIFICATION NUMBER
Classification number 620.1122
Item number NOO/2009
100 ## - MAIN ENTRY--PERSONAL NAME
Personal name Nooruddin Ahmed
245 ## - TITLE STATEMENT
Title Corrosion engineering
Remainder of title an introductory text
250 ## - EDITION STATEMENT
Edition statement 1st ed.
260 ## - PUBLICATION, DISTRIBUTION, ETC. (IMPRINT)
Place of publication, distribution, etc. Dhaka
Name of publisher, distributor, etc. N. Ahmed and I. Mahmud
Date of publication, distribution, etc. 2009
300 ## - PHYSICAL DESCRIPTION
Extent xviii, 261 p.
504 ## - BIBLIOGRAPHY, ETC. NOTE
Bibliography, etc Includes bibliographies
650 #0 - SUBJECT ADDED ENTRY--TOPICAL TERM
Topical term or geographic name as entry element Corrosion and anti-Corrosion
700 ## - ADDED ENTRY--PERSONAL NAME
Personal name Iqbal Mahmud
942 ## - ADDED ENTRY ELEMENTS (KOHA)
Koha item type General Book
Holdings
Piece designation (barcode) Copy number Koha normalized classification for sorting Location (home branch) Koha out on loan Damaged status Shelving location Koha item type Koha date last borrowed Price effective from Koha issues (times borrowed) Koha date last seen Koha full call number Withdrawn status Source of classification or shelving scheme Lost status Sublocation or collection (holding branch) Not for loan Date acquired
1075138620_000000000000000_1122NOO200Central Library, BUET  Circulation sectionGeneral Book2021-08-282014-09-0222021-08-28620.1122/NOO/2009   Central Library, BUET 2014-09-02
1075078620_000000000000000_1122NOO200Central Library, BUET  Circulation sectionGeneral Book2021-09-062014-09-02252021-09-06620.1122/NOO/2009   Central Library, BUET 2014-09-02
1075088620_000000000000000_1122NOO200Central Library, BUET  Circulation sectionGeneral Book2021-08-282014-09-0212021-08-28620.1122/NOO/2009   Central Library, BUET 2014-09-02
107506 620_000000000000000_1122NOO200Central Library, BUET  Circulation sectionGeneral Book2021-08-282014-09-0212021-08-28620.1122/NOO/2009   Central Library, BUET 2014-09-02
107512 620_000000000000000_1122NOO200Central Library, BUET  Circulation sectionGeneral Book2021-08-282014-09-0212021-08-28620.1122/NOO/2009   Central Library, BUET 2014-09-02
107509 620_000000000000000_1122NOO200Central Library, BUET2025-12-15 Circulation sectionGeneral Book2025-12-012014-09-0252025-12-01620.1122/NOO/2009   Central Library, BUET 2014-09-02
107505 620_000000000000000_1122NOO200Central Library, BUET  Circulation sectionGeneral Book2024-10-212014-09-02382024-10-21620.1122/NOO/2009   Central Library, BUET 2014-09-02
107511 620_000000000000000_1122NOO200Central Library, BUET  Circulation sectionGeneral Book2021-08-282014-09-0212021-08-28620.1122/NOO/2009   Central Library, BUET 2014-09-02
107504 620_000000000000000_1122NOO200Central Library, BUET  Circulation sectionGeneral Book2021-08-282014-09-0212021-08-28620.1122/NOO/2009   Central Library, BUET 2014-09-02
1075101620_112200000000000_NOO_2009Central Library, BUET  Circulation sectionGeneral Book2021-08-282018-04-2812021-08-28620.1122/NOO/2009   Central Library, BUET 2010-01-13